Leaders / (Record no. 194005)
[ view plain ]
| 000 -LEADER | |
|---|---|
| fixed length control field | 00587 a2200157 4500 |
| 003 - CONTROL NUMBER IDENTIFIER | |
| control field | Nust |
| 005 - DATE AND TIME OF LATEST TRANSACTION | |
| control field | 20230128091514.0 |
| 040 ## - CATALOGING SOURCE | |
| Transcribing agency | Nust |
| 082 ## - DEWEY DECIMAL CLASSIFICATION NUMBER | |
| Classification number | 909.82,NIX |
| 100 ## - MAIN ENTRY--PERSONAL NAME | |
| Personal name | Richard Nixon |
| 9 (RLIN) | 9108 |
| 245 ## - TITLE STATEMENT | |
| Title | Leaders / |
| Statement of responsibility, etc. | Richard Nixon |
| 260 ## - PUBLICATION, DISTRIBUTION, ETC. | |
| Place of publication, distribution, etc. | london |
| Name of publisher, distributor, etc. | Sidgwick & Jackson |
| Date of publication, distribution, etc. | 1982 |
| 300 ## - PHYSICAL DESCRIPTION | |
| Extent | 371p; |
| 505 ## - FORMATTED CONTENTS NOTE | |
| Formatted contents note | They Made a Differences (Page-1), Winston Churchill (Page-7), Charles de Gaulle (Page-40), Douglas MacArthur and Shigeru Yoshida (Page-81), Konrad Adenauer (Page-133), Zhou Enlai (Page-217), A New World (Page-),(Page-249), In the Arena (Page-320). |
| 942 ## - ADDED ENTRY ELEMENTS (KOHA) | |
| Source of classification or shelving scheme | |
| Koha item type | Book |
| Withdrawn status | Lost status | Source of classification or shelving scheme | Damaged status | Not for loan | Permanent Location | Current Location | Shelving location | Date acquired | Full call number | Barcode | Date last seen | Price effective from | Koha item type | Public note |
|---|---|---|---|---|---|---|---|---|---|---|---|---|---|---|
| Military College of Signals (MCS) | Military College of Signals (MCS) | General Stacks | 12/12/2016 | 909.82,NIX | MCS30530 | 12/08/2016 | 12/12/2016 | Book | Almirah No.58, Shelf No.5 |
